GR менеджмент: электронный курс

Dades bibliogràfiques
Autor principal: Козловская О. В. Оксана Витальевна
Autor corporatiu: Национальный исследовательский Томский политехнический университет Школа инженерного предпринимательства
Sumari:Заглавие с экрана
Основной целью преподавания дисциплины «GR-менеджмент» является изучение основных подходов, методов и принципов взаимодействия с органами государственной (муниципальной) власти для реализации эффективного диалога с органами власти, а также продвижения интересов бизнес-структур.
Доступ по логину и паролю
Idioma:rus
Publicat: Томск, TPU Moodle, 2018
Matèries:
Accés en línia:https://design.lms.tpu.ru/course/view.php?id=2617
Format: MixedMaterials Electrònic Llibre
KOHA link:https://koha.lib.tpu.ru/cgi-bin/koha/opac-detail.pl?biblionumber=667499

MARC

LEADER 00000nlm0a2200000 4500
001 667499
005 20231102030927.0
035 |a (RuTPU)RU\TPU\network\38704 
035 |a RU\TPU\network\38689 
090 |a 667499 
100 |a 20220329d2018 m y0rusy50 ca 
101 0 |a rus 
102 |a RU 
105 |a a j 000zy 
135 |a jrcn ---uucaa 
181 0 |a i  
182 0 |a b 
200 1 |a GR менеджмент  |e электронный курс  |f О. В. Козловская  |g Национальный исследовательский Томский политехнический университет, Школа инженерного предпринимательства 
203 |a Текст  |c электронный 
210 |c TPU Moodle  |d 2018  |a Томск 
230 |a Электрон. дан. 
300 |a Заглавие с экрана 
330 |a Основной целью преподавания дисциплины «GR-менеджмент» является изучение основных подходов, методов и принципов взаимодействия с органами государственной (муниципальной) власти для реализации эффективного диалога с органами власти, а также продвижения интересов бизнес-структур. 
333 |a Доступ по логину и паролю 
606 1 |a Менеджмент  |2 stltpush  |3 (RuTPU)RU\TPU\subj\42098  |9 61850 
610 1 |a электронный ресурс 
610 1 |a труды учёных ТПУ 
610 1 |a электронное обучение 
610 1 |a электронные курсы ТПУ 
610 1 |a электронные учебные пособия 
610 1 |a электронные образовательные ресурсы 
610 1 |a дистанционное образование 
610 1 |a дистанционное обучение 
610 1 |a Moodle 
610 1 |a e-learning 
610 1 |a государственное управление 
610 1 |a стратегическое управление 
610 1 |a программно-целевое управление 
610 1 |a бюджетная система 
610 1 |a налоговая система 
610 1 |a государственная социальная помощь 
686 |a У9(2)212я73  |2 rubbk 
700 1 |a Козловская  |b О. В.  |c специалист в области менеджмента  |c профессор Томского политехнического университета, доктор экономических наук  |f 1954-  |g Оксана Витальевна  |2 stltpush  |3 (RuTPU)RU\TPU\pers\28814 
712 0 2 |a Национальный исследовательский Томский политехнический университет  |b Школа инженерного предпринимательства  |c (2017- )  |h 7949  |2 stltpush  |3 (RuTPU)RU\TPU\col\23544 
801 2 |a RU  |b 63413507  |c 20220816  |g RCR 
856 4 |u https://design.lms.tpu.ru/course/view.php?id=2617 
942 |c CF